01415nam a2200349 a 4500001001200000003000800012006001900020007001500039008004100054010001700095020004300112020002700155040002100182035002100203050002600224082001700250245012900267260005500396300002400451490004900475504005100524533015200575650003500727650002000762650002500782655002900807700001900836710001700855830005000872856012600922999001701048ebr10681032CaPaEBRm u cr cn|||||||||090706s2009 nyua sb 001 0 eng d z 2009025845 z9781608761258 (hardcover : alk. paper) z9781617285646 (e-book) aCaPaEBRcCaPaEBR a(OCoLC)66245303614aTP159.F47bP65 2009eb04a668.4/1122200aPolymer nanocompositesh[electronic resource] :badvances in filler surface modification techniques /cVikas Mittal, editor. aNew York :bNova Science Publishers, Inc.,cc2009. axiv, 216 p. :bill.1 aNanotechnology science and technology series aIncludes bibliographical references and index. aElectronic reproduction.bPalo Alto, Calif. :cebrary,d2013.nAvailable via World Wide Web.nAccess may be limited to ebrary affiliated libraries. 0aFillers (Materials)xSurfaces. 0aNanotechnology. 0aComposite materials. 7aElectronic books.2local1 aMittal, Vikas.2 aebrary, Inc. 0aNanotechnology science and technology series.40uhttp://site.ebrary.com/lib/rucke/Doc?id=10681032zAn electronic book accessible through the World Wide Web; click to view c60370d60370